[Event "NOR-ch Women 2020"]
[Site "Bergen"]
[Date "2020.03.01"]
[Round "5.6"]
[White "Kyrkjebo, Hanna B."]
[Black "Hagesather, Nina"]
[Result "1-0"]
[WhiteElo "1957"]
[BlackElo "1996"]
[Annotator "TA"]
[PlyCount "113"]
[EventDate "2020.02.28"]
[EventType "swiss"]
[EventCountry "NOR"]
[SourceTitle "playchess.com"]
[Source "ChessBase"]
[SourceQuality "1"]

{[%evp 14,113,29,36,56,3,46,0,45,42,69,50,73,54,71,25,48,24,25,0,18,25,20,26,18,11,41,34,78,42,113,114,119,111,122,125,139,126,162,131,141,137,137,152,181,120,143,143,143,143,141,136,134,127,138,139,189,128,187,103,120,80,80,80,80,84,84,84,84,84,120,118,232,260,248,248,233,187,268,209,285,259,312,300,479,456,556,496,29978,29979,29979,29975,29980,29973,29972,0,29979,29981,29981,29982,29980,29978]} 1. e4 d6 2. d4 Nf6 3. Nc3 e5 4. Nf3 Nbd7 5. Be3 Be7 6. Bc4 O-O 7. O-O c6 8. a4 a5 {C41: Philidor Defence.} 9. Re1 (9. h3 $14) 9... h6 10. Bb3 Qc7 {The position is equal.} 11. h3 Re8 12. Qd2 Bf8 13. d5 Nb6 14. Rad1 Bd7 15. Bxb6 Qxb6 {[#]} 16. Qe2 $146 ({Predecessor:} 16. dxc6 bxc6 17. Qe3 Qxe3 18. Rxe3 Be6 19. Bxe6 Rxe6 20. Red3 Nh5 21. Ne2 {1-0 (66) Eswaran,A-Aminerdene,B Durban 2014}) 16... cxd5 17. Nxd5 Nxd5 18. Bxd5 Rac8 19. b3 g6 20. Nh2 Kg7 21. Nf1 (21. Qf3 {seems wilder.} Be6 22. Bxe6 Rxe6 23. c4 Be7 24. Ng4) 21... Be6 ({Black should play} 21... Be7 $14) 22. Ne3 $16 Rc5 23. Rd2 Bxd5 24. Nxd5 Qc6 25. c4 Qd7 26. Red1 Qe6 27. Rd3 Rc6 28. Qd2 Ra8 29. Nc3 (29. f4 $18) 29... Raa6 30. Nb5 Be7 31. Rd5 Bg5 32. Qd3 {[%cal Rb5d6]} Be7 33. Kh2 Bf8 34. Qc3 Be7 35. Kh1 (35. f4 $18) 35... Bd8 (35... Qf6 $16 {might work better.}) 36. c5 ({Better is} 36. f4 $1 $18 {[%cal Rf4e5]} Bf6 37. f5 gxf5 38. exf5) 36... Be7 37. Nxd6 Bxd6 38. Rxd6 Rxd6 39. Rxd6 Rxd6 40. cxd6 Qxd6 41. Qxa5 {[%mdl 4096] Endgame KQ-KQ} Qd4 42. Qe1 f5 (42... h5 $16) 43. exf5 $18 gxf5 44. Qe3 Qd5 45. Qf3 Qd7 (45... e4 {was worth a try.} 46. Qe3 Qc6) 46. Kh2 Kf6 47. Qe3 f4 48. Qb6+ Kg5 {[#]} (48... Kg7 $142 49. b4 e4) 49. h4+ $1 {[%mdl 512]} Kf5 (49... Kxh4 50. Qxh6+) 50. Qxh6 Qd2 (50... Qe7 $18 51. Qh5+ Ke4 52. f3+ Kd5) 51. h5 {[%csl Gh5][%cal Rh6g6]} e4 52. Qg6+ Ke5 53. Qg5+ Ke6 54. Qg6+ Ke5 $1 55. h6 {White mates.} Qxf2 56. Qg5+ Ke6 57. h7 {Accuracy: White = 71%, Black = 50%.} 1-0